Commonest Movie Title Words Since 2000 Quiz Stats

 Plays Quiz Updated Jan 9, 2019

Challenge
Share
Tweet
Embed
Score 0/203 Timer 15:00
5 Plays Today
Count Word % Correct
1185the
98.8%
141A
98.1%
46I
94.1%
11An
89.3%
337of
80%
105in
79.9%
159and
79.8%
39Me
78.9%
74to
78.9%
40You
77.4%
27On
76.6%
19We
75.8%
11Be
75.4%
7Five / 5 / V
74%
135Two / 2 / II
73.5%
9Do
73.3%
11Go
71.8%
46Three / 3 / III
71%
52Man
70.9%
34Love
70.8%
12Four / 4 / IV
70.2%
27One / 1
68.6%
16No
67.2%
23Is
67.1%
39for
66.5%
23It
64.7%
9Woman
64.1%
27Day
60.4%
8La
60.1%
26Girl
59.8%
17War
57.7%
7Where
56.5%
17Boy
56.3%
33My
56%
10What
55.4%
12Who
54.3%
15Men
53.1%
13Your
52.9%
26Night
52.3%
20at
52.1%
18Star
52.1%
7↑Seven
51.1%
20Up
50.9%
7Are
50.9%
13How
49.5%
23Black
48.8%
17From
47.8%
19World
47.8%
9Eight / 8
47.6%
14Not
47.5%
10Red
47.4%
11Vs / v
46.2%
36with
45.5%
7Women
45.5%
7↑or
45.3%
7Blue
45.3%
14White
45.2%
18Good
44.3%
12Out
43.8%
9That
43.5%
16Time
43.2%
11Down
41.3%
19All
41.1%
10America
41.1%
28Life
40.8%
7↑Dr / Doctor
40.7%
7↑Green
40.4%
8This
40.1%
Count Word % Correct
18New
39.2%
11King
38.9%
21Big
38.7%
7Live
38.6%
17Bad
38.2%
7Our
38.1%
15Dead
37.3%
13by
36.9%
17Dark
36.5%
8Die
36.5%
8Over
36.5%
25House
36%
12Wars
36%
8↑Dog
35.9%
8↑Old
35.6%
15Like
35.4%
16Story
35%
7Land
33.9%
27Last
33.8%
12Death
33.7%
9Girls
33.4%
14Mr / Mister
33.2%
12Get
32.7%
7Fast
32.6%
10Sea
32.5%
13Home
32.2%
9Boys
31.9%
9↑First
31.9%
10Year
31.8%
23American
31.4%
13Little
31.2%
7After
30.8%
9Earth
30.6%
10Don't
30.4%
11Harry
30.2%
19Days
29.5%
9Potter
29%
8Miss
28.8%
12Never
28.6%
9Into
28%
51Movie
27.9%
7Son
27.9%
9Just
27.8%
7I'm
27.6%
9Baby
27.5%
11Before
27.4%
7Now
26.7%
12Water
26.1%
15Game
26.1%
9End
26%
10Back
26%
7Run
25.2%
7Great
25.2%
7Hot
25.1%
12City
25%
10Lost
24.3%
8Best
24.3%
11Street
23.9%
11About
23.8%
7Way
23.7%
9Kid
23.6%
7Furious
23.4%
8Fire
23.3%
8Thirteen / 13
23.3%
14Part
23.1%
11Road
22.7%
10Planet
22.2%
7Saw
21.3%
Count Word % Correct
8High
20.8%
17Christmas
19.2%
7↑Summer
18.8%
11Wedding
18.8%
7Tale
18.2%
11Family
18%
7Most
17.6%
9York
17.4%
7Blood
17.3%
11Evil
17.3%
8Walk
17.2%
7Hour
16.9%
8John
16.8%
7Heaven
16.8%
7↑School
16.7%
11Ghost
16.6%
14Book
16.3%
11Dogs
16.1%
7Lives
16%
8Money
15.6%
10Meet
14.7%
8Captain
14.6%
9Age
14.3%
8↑Battle
13.9%
12Next
13.8%
8Ice
13.7%
14Wild
13.3%
9Dawn
12.8%
9State
12.3%
10Rise
12.2%
13Secret
12%
7Pirates
11.3%
8Club
11.2%
8Island
10.3%
7Eyes
10.2%
7Jack
10.1%
8Monsters
10%
14Dragon
10%
10Spy
9.9%
8Mission
9.9%
8Witch
9.7%
9Hotel
9.5%
7X-Men
9.5%
8Room
9.4%
10Brothers
9.1%
8Final
9%
8Spider-Man
8.9%
7Journey
8.8%
8↑Short
8.8%
16Legend
8.7%
8Paris
8.6%
8Diary
8.1%
7↑Party
7.7%
10Kingdom
7.3%
12Perfect
6.9%
7Trip
6.6%
8Step
6.5%
8Glory
4.6%
17Tyler
4.3%
16Perry's
4.1%
313D / 3-D
4.1%
8↑Fantastic
4%
8↑Runner
2.7%
9Oscar
2.2%
7Express
1.7%
7↑Films
0.7%
7↑Nominated
0%

You're not logged in!

Compare scores with friends on all Sporcle quizzes.
OR
Log In

You Might Also Like...

Show Comments

Extras

Top Quizzes Today


Score Distribution

Your Account Isn't Verified!

In order to create a playlist on Sporcle, you need to verify the email address you used during registration. Go to your Sporcle Settings to finish the process.

Report this User

Report this user for behavior that violates our Community Guidelines.

Details: